| 000 | 00651nam a2200205 i 4500 | ||
|---|---|---|---|
| 001 | 37740 | ||
| 003 | ES-MaACL | ||
| 005 | 20250827222021.0 | ||
| 007 | t| | ||
| 008 | 030221s1986 sp ||||1| spa d | ||
| 020 | _a84-7585-052-9 | ||
| 100 | 1 |
_aCaballero Harriet, Francisco Javier. _933109 |
|
| 245 | 1 | 0 |
_aNaturaleza y derecho en Jean Jacques Rousseau / _cFrancisco Javier Caballero Harriet. |
| 260 |
_aBilbao : _bUniversidad del País Vasco, _c[1986] |
||
| 300 |
_a188 p. ; _c24 cm. |
||
| 504 | _aBibliografía : p. 169-188. | ||
| 710 | 2 |
_aUniversidad del País Vasco _97367 |
|
| 852 |
_aES-MaACL _jL-10611 _bR.11683 |
||
| 999 |
_c37740 _d37740 |
||